| 000 | 01184nam a22002537a 4500 | ||
|---|---|---|---|
| 999 |
_c52898 _d52898 |
||
| 005 | 20251125233024.0 | ||
| 008 | s2550 th tha d | ||
| 020 | _a9789749946848 | ||
| 040 | _aNALT | ||
| 041 | _atha | ||
| 100 | 0 | _aสำนักงานศาลปกครอง | |
| 245 | 1 | 0 | _aสาระสำคัญในการปรับปรุงพระราชบัญญัติระเบียบข้าราชการพลเรือน ฉบับใหม่ |
| 260 | 3 |
_aกรุงเทพฯ : _bสำนักงาน ก.พ., _c2550 |
|
| 300 | _a11230 ซม. | ||
| 650 | 0 | 4 | _aระบบซี |
| 650 | 0 | 4 | _aระบบ ที.ซี. |
| 650 | 0 | 4 | _aร่างพระราชบัญญัติระเบียบข้าราชการพลเรือน |
| 650 | 0 | 4 | _aข้าราชการพลเรือน -- กฎหมายและระเบียบข้อบังคับ |
| 850 | _aNALT | ||
| 856 | 4 | 0 |
_uhttps://hdl.handle.net/20.500.14156/460952 _71 |
| 942 |
_cLB _2lcc |
||
| 090 |
_aKE62 _bส677 2550 |
||
| 998 |
_j25 _k นีลวัสน์ อินทรักษา |
||